Регионална библиотека "Любен Каравелов" - Русе

Законы стиха русского народного и нашего литературного (Запис номер 430482)

MARC детайли
000 -Лидер
Контролно поле с фиксирана дължина 01193nam a2200289 c 4500
003 - Код на организацията, давaща контролен номер
Контролно поле BLK
005 - Дата и час на последна редакция
Контролно поле 20210830090539.0
008 - Елементи от данни с фиксирана дължина
fixed length control field 180408b bul|||||r ||||||| ||bul||
040 ## - Източник на каталожния запис
Идентификатор на билиотеката - собственик на записа BLK
041 ## - Код за език
Код за езика на текст/звукозапис или на отделно заглавие Руски
Код за езика КДБФ Руски
080 ## - УДК
Текстов определител УДК Руска литература
УДК код - определител по УДК 821.161.1
УДК определител .09
УДК - код + определител 821.161.1.09
100 ## - Редна дума - Автор
R(LIN) 463518
Автор Голохвастов, Павел Дмитриевич
Авторска отговорност първи автор
139 ## - Редно поле
Редна дума Голохвастов, Павел Дмитриевич
245 10 - Сведения за заглавието
Заглавие Законы стиха русского народного и нашего литературного
Подзаглавни данни Опыт изучения
Редно поле (дума) П. Д. Голохвастов
257 ## - Страна на издаване
Страна на създаване/издаване Русия
260 ## - Област на издателските данни
Име на издателя, разпространителя и проч. Общество любителей древней письменности
Година на издаване 1883
9 (RLIN) 212272
Място на издаване, разпространение и проч. Санкт-Петербург
300 ## - Физическа характеристика
Страници [6], 78 с.
Размери/Мащаб 29 см
380 ## - Жанр
Жанр Литературознание
490 ## - СЕРИИ (Колекции)
9 (RLIN) 435080
Име на серия Колекция Редки и ценни издания
490 ## - СЕРИИ (Колекции)
Име на серия Памятники древней письменности и искусства
№: серия 45
650 #0 - Допълнително описание по предмет – тема
9 (RLIN) 250717
Основно описание – тема или топоним Поезия, руска
852 ## - Местоположение
Форматна сигнатура Рр 883
Фондова буква Редки и ценни
856 4# - Електронен адрес и достъп
Електронен формат pdf - файл
856 4# - Електронен адрес и достъп
Електронен формат pdf - файл
999 ## - СИСТЕМНИ КОНТРОЛНИ НОМЕРА
Koha biblionumber 430482
Koha biblioitemnumber 430482
942 ## - АРТИКУЛИ
Вид на библиотечния материал Книги
Скрит в OPAC Не
Периодичен библиозапис Да
944 ## - СЪЗДАВАНЕ И РЕДАКЦИЯ на ЗАПИСА
Създаване/Редакция Създаване
Дата на регистрацията/редакция 2021-08-30
Служител, извършил регистрацията/редакцията НР
999 ## - СИСТЕМНИ КОНТРОЛНИ НОМЕРА
Koha biblioitemnumber 430481
Наличности
Код за отписване Код за изгубен артикул Източник на класификационната схема Код за повреда Коз за рестрикции Код за отдаване Артикулен № Име на библиотеката - собственик Име на библиотеката, в която се намира в момента Статус (Текущо местоположение) Дата на вписване в системата Местоположение - отдел Цена в лева Инвентарен номер Систематично азбучна сигнатура Баркод Цена в евро Служебен тип на артикула
  Не е изгубен Universal Decimal Classification Не е повреден само за читалня Специални фондове ( старопечатни, редки и ценни, фонд М. Арнаудов) 854121 Регионална библиотека "Любен Каравелов" Русе Регионална библиотека "Любен Каравелов" Русе Редки и ценни 2021-09-23 Редки и ценни 0.06 11228 Рр 883 900000076560 0.03 Книги
Vip Innovations Ltd, Rousse, Bulgaria 2025